This time next week

Spremljeno u:
Bibliografski detalji
Glavni autor: Thomas, Leslie
Format: Knjiga
Jezik:Undetermined
Izdano: Londres, Inglaterra The Companion Book Club 1964
Teme:
Oznake: Dodaj oznaku
Bez oznaka, Budi prvi tko označuje ovaj zapis!

MARC

LEADER 00000nam a2200000Ia 4500
008 170316s9999 xx 000 0 und d
040 |a cru BVZT 
090 |a 820 T-2t 
100 |a Thomas, Leslie 
245 |a This time next week 
260 |a Londres, Inglaterra 
260 |b The Companion Book Club 
260 |c 1964 
300 |a 223 páginas 
650 |a LITERATURA INGLESA 
650 |a NOVELA 
999 |c 7236  |d 7236 
942 |c 15 D  |h 820 T-2t  |2 z